00375nam a22001217a 4500020001800000082001600018100001900034245003400053260004900087300002400136500002000160650007300180 a9789350143070 a621.382 ANA aAnand, Rishabh aWireless and mobile computing aNew Delhi, IndiabS.K. Kataria & Sons.c2012 axiv, 320 p.bill. ; aIncludes index. a1. Wireless communication systems. 2. Mobile communication systems.